History Quiz

Random History or Asia Quiz

Click the Southeast Asian Historical Figures Quiz Stats

 Plays Quiz not verified by Sporcle

Score 0/30 Timer 08:00
0 Plays Today
% Correct
Hồ Chí Minh
83.2%
Pol Pot
81.7%
Aung San Suu Kyi
79.4%
Rodrigo Duterte
79.4%
Ferdinand Marcos
77.9%
Manny Pacquiao
77.9%
Corazon Aquino
74%
Suharto
72.5%
Stamford Raffles
70.2%
Lee Kuan Yew
69.5%
Ngô Đình Diệm
67.9%
Sukarno
66.4%
U Thant
65.6%
Aung San
61.1%
Bhumibol Adulyadej
60.3%
% Correct
Võ Nguyên Giáp
59.5%
Mahathir Mohamad
55%
Hassanal Bolkiah
52.7%
Megawati Sukarnoputri
51.9%
Lapu-Lapu
50.4%
Norodom Sihanouk
49.6%
Chulalongkorn
49.6%
José Ramos-Horta
48.1%
Tunku Abdul Rahman
45%
Emilio Aguinaldo
42.7%
José Rizal
42%
Anawrahta
41.2%
Kaysone Phomvihane
38.9%
Sinn Sisamouth
36.6%
Narai
27.5%

You're not logged in!

Compare scores with friends on all Sporcle quizzes.
OR
Log In

You Might Also Like...

Show Comments

Extras

Top Quizzes Today


Score Distribution

Your Account Isn't Verified!

In order to create a playlist on Sporcle, you need to verify the email address you used during registration. Go to your Sporcle Settings to finish the process.

Report this User

Report this user for behavior that violates our Community Guidelines.

Details: